[Event "I Miedzynarodowy Memorial Ireny Warakoms"]
[Site "Suwalki"]
[Date "2017.08.11"]
[Round "6.3"]
[White "Wielgus, Wojciech"]
[Black "Sadlak, Rafal"]
[Result "1-0"]
[WhiteElo "1324"]
[BlackElo "1545"]
[PlyCount "37"]
[EventDate "2017.??.??"]

1. e4 e5 2. Nf3 Nc6 3. Bb5 Nf6 4. O-O d6 5. d4 a6 6. Bxc6+ bxc6 7. dxe5 Nxe4 8.
exd6 cxd6 9. Re1 d5 10. Nc3 Bb4 11. Nxe4 Bxe1 12. Qxe1 dxe4 13. Qxe4+ Kf8 14.
Be3 Qd5 15. Qb4+ Kg8 16. c4 Qd8 17. Ne5 Be6 18. Nxc6 Qc7 19. Ne7+ 1-0

[Event "I Miedzynarodowy Memorial Ireny Warakoms"]
[Site "Suwalki"]
[Date "2017.08.11"]
[Round "6.4"]
[White "Olszewski, Pawel"]
[Black "Zukowski, Pawel"]
[Result "1-0"]
[WhiteElo "1349"]
[BlackElo "1502"]
[PlyCount "57"]
[EventDate "2017.??.??"]

1. e4 c5 2. c3 d5 3. e5 e6 4. d4 Nc6 5. Nf3 Qb6 6. Bd3 Bd7 7. O-O cxd4 8. cxd4
Nxd4 9. Nxd4 Qxd4 10. Nc3 a6 11. Be3 Qxe5 12. Re1 Nf6 13. Bc5 Qb8 14. Bd4 Bc6
15. Bxf6 gxf6 16. Qh5 e5 17. Bf5 Qd6 18. Rad1 Be7 19. Nxd5 Bxd5 20. Be4 Qb6 21.
Bxd5 Rf8 22. Bb3 Qc5 23. Rd5 Qb4 24. Red1 Rd8 25. Rxd8+ Bxd8 26. h3 a5 27. Qxh7
Be7 28. Qd3 Rg8 29. Qd5 1-0

[Event "I Miedzynarodowy Memorial Ireny Warakoms"]
[Site "Suwalki"]
[Date "2017.08.11"]
[Round "6.5"]
[White "Paszkowski, Krystian"]
[Black "Norek, Maciej"]
[Result "1-0"]
[WhiteElo "1430"]
[BlackElo "1326"]
[PlyCount "91"]
[EventDate "2017.??.??"]

1. d4 d6 2. c4 Nf6 3. Nc3 c6 4. g3 Qc7 5. Bg2 Bg4 6. Nf3 e5 7. O-O Nbd7 8. dxe5
dxe5 9. Qc2 Bd6 10. e4 O-O 11. h3 Bh5 12. Be3 Bc5 13. Bxc5 Nxc5 14. b4 Ne6 15.
Ne2 Rad8 16. Rad1 a5 17. a3 axb4 18. axb4 Bg6 19. Nh4 Rfe8 20. Nxg6 hxg6 21. c5
Qe7 22. Kh2 Nd7 23. Rd6 Nb8 24. Rdd1 Na6 25. Qc3 Nec7 26. Qb2 Nb5 27. Rfe1 b6
28. Ra1 Qb7 29. cxb6 Qxb6 30. Rab1 Qxf2 31. Rf1 Qb6 32. Qa2 Qb7 33. Qc4 Na3 34.
Qc3 Nxb1 35. Rxb1 Nc7 36. Rc1 Rd6 37. Qc5 Ree6 38. Ra1 Nb5 39. Nc3 Nxc3 40.
Qxc3 Rd4 41. Ra4 Qb5 42. Ra8+ Kh7 43. Qf3 Qb7 44. Rf8 Qxb4 45. Qxf7 g5 46. Qg8+
1-0

[Event "I Miedzynarodowy Memorial Ireny Warakoms"]
[Site "Suwalki"]
[Date "2017.08.11"]
[Round "6.6"]
[White "Dadello, Barbara"]
[Black "Kutylo, Konrad"]
[Result "1/2-1/2"]
[WhiteElo "1384"]
[BlackElo "1419"]
[PlyCount "65"]
[EventDate "2017.??.??"]

1. e4 e6 2. d4 d5 3. Nc3 Bb4 4. e5 c5 5. a3 Bxc3+ 6. bxc3 Qc7 7. Bd2 Ne7 8. Qg4
Ng6 9. Bd3 Nc6 10. Nf3 Nce7 11. Nh4 b6 12. Nxg6 hxg6 13. h4 Bb7 14. h5 O-O-O
15. Rh3 c4 16. Be2 Rdg8 17. Bg5 gxh5 18. Rxh5 g6 19. Rh3 Nf5 20. Kd2 Qd7 21.
Bf6 Rxh3 22. Qxh3 Qe8 23. Qh7 Qf8 24. Rh1 Kd7 25. Qxg8 Qxg8 26. Rh8 Qxh8 27.
Bxh8 Bc6 28. Bf6 Ba4 29. Bd1 Ne7 30. Ke3 Ng8 31. Bg7 Ke8 32. Kf4 Bd7 33. Kg5
1/2-1/2

[Event "I Miedzynarodowy Memorial Ireny Warakoms"]
[Site "Suwalki"]
[Date "2017.08.11"]
[Round "6.7"]
[White "Szczygiel, Antoni"]
[Black "Mecelica, Erikas"]
[Result "0-1"]
[WhiteElo "1396"]
[BlackElo "1260"]
[PlyCount "109"]
[EventDate "2017.??.??"]

1. e4 c5 2. Bc4 e6 3. Nc3 a6 4. a4 Nc6 5. Nge2 Nf6 6. d4 cxd4 7. Nxd4 Bb4 8. f3
Qc7 9. Nde2 Ne7 10. Bb3 d5 11. O-O d4 12. Na2 Bc5 13. Kh1 e5 14. Qd3 h6 15. f4
O-O 16. fxe5 Qxe5 17. Ng3 Nc6 18. Bf4 Qe7 19. Rae1 Ne5 20. Bxe5 Qxe5 21. Nc1 h5
22. Qf3 Bg4 23. Qf4 Qxf4 24. Rxf4 Bb4 25. Ref1 Bd2 26. R4f2 Be3 27. Rxf6 gxf6
28. h3 Bxc1 29. Rxc1 h4 30. hxg4 hxg3 31. Rf1 Kg7 32. Rf3 Rac8 33. Rxg3 Kg6 34.
Kg1 Rfe8 35. Kf2 Rxe4 36. Rd3 Rxg4 37. Kf3 f5 38. Rd2 Re8 39. Bd5 b6 40. Kf2
Rd8 41. Bf3 Rh4 42. Kg3 Kg5 43. Rd3 Rh1 44. c3 dxc3 45. Rxc3 f4+ 46. Kf2 Rd2+
47. Be2 Rxb2 48. Kf3 Rhb1 49. Bc4 f5 50. g3 fxg3 51. Kxg3 b5 52. axb5 axb5 53.
Bd5 Rd1 54. Bb3 b4 55. Rf3 0-1

[Event "I Miedzynarodowy Memorial Ireny Warakoms"]
[Site "Suwalki"]
[Date "2017.08.11"]
[Round "6.8"]
[White "Bednarska, Julita"]
[Black "Verre, Gaetano"]
[Result "0-1"]
[WhiteElo "1260"]
[BlackElo "1525"]
[PlyCount "58"]
[EventDate "2017.??.??"]

1. e4 e5 2. Nf3 Nc6 3. Bb5 Bc5 4. O-O d6 5. d3 h6 6. Nbd2 Nge7 7. c3 O-O 8. Re1
f5 9. Nf1 f4 10. d4 Bb6 11. d5 Nb8 12. b4 g5 13. h3 Ng6 14. N1h2 Nd7 15. a4 a6
16. Bf1 Nf6 17. a5 Ba7 18. Bb2 Kh7 19. Rc1 Rg8 20. Qd3 g4 21. hxg4 Nxg4 22.
Nxg4 Bxg4 23. Nh2 Qh4 24. Nxg4 Qxg4 25. Qh3 Qxh3 26. gxh3 Nh4+ 27. Kh1 Bxf2 28.
Re2 Rg1+ 29. Kh2 Nf3# 0-1

[Event "I Miedzynarodowy Memorial Ireny Warakoms"]
[Site "Suwalki"]
[Date "2017.08.11"]
[Round "6.9"]
[White "Ossolinska, Matylda"]
[Black "Mykhaylyak, Wiktoria"]
[Result "1/2-1/2"]
[WhiteElo "1485"]
[BlackElo "1361"]
[PlyCount "90"]
[EventDate "2017.??.??"]

1. e4 c5 2. Ne2 Nc6 3. c4 Nf6 4. Nbc3 Ne5 5. d3 d6 6. f4 Nc6 7. h3 h5 8. g3 e5
9. f5 Nd4 10. Bg2 Bd7 11. Bd2 a6 12. Nxd4 cxd4 13. Nd5 Nxd5 14. cxd5 Bb5 15.
Qf3 Be7 16. h4 Qb6 17. O-O O-O-O 18. a4 Bd7 19. b4 Rdg8 20. b5 a5 21. Qe2 Bd8
22. Rac1+ Kb8 23. Kh2 g5 24. fxg6 fxg6 25. Bh3 Bxh3 26. Kxh3 g5 27. hxg5 Bxg5
28. Bxg5 Rxg5 29. Rf7 Rhg8 30. Qf2 Rxg3+ 31. Qxg3 Rxg3+ 32. Kxg3 Qd8 33. Rcf1
Qg5+ 34. Kh2 Qd2+ 35. R1f2 Qb4 36. Rh7 Qc5 37. Rxh5 Ka7 38. Rh7 Kb6 39. Rff7
Qc2+ 40. Kg1 Qxd3 41. Rxb7+ Kc5 42. Rbc7+ Kb4 43. b6 Qe3+ 44. Kh2 Kxa4 45. b7
Qe2+ 1/2-1/2

[Event "I Miedzynarodowy Memorial Ireny Warakoms"]
[Site "Suwalki"]
[Date "2017.08.11"]
[Round "6.10"]
[White "Sumiya, Tongon"]
[Black "Hancharevich, Heorhi"]
[Result "0-1"]
[WhiteElo "1413"]
[BlackElo "1349"]
[PlyCount "130"]
[EventDate "2017.??.??"]

1. e4 e5 2. Nf3 Nc6 3. Nc3 Nf6 4. Bb5 d6 5. O-O a6 6. Be2 Be7 7. d3 O-O 8. a3
h6 9. Nd5 Nxd5 10. exd5 Nd4 11. Nxd4 exd4 12. f4 f5 13. b4 Bd7 14. Qe1 c5 15.
dxc6 bxc6 16. Bf3 Rb8 17. Bb2 Bf6 18. Qf2 c5 19. Bd5+ Kh7 20. Bb3 Bc6 21. bxc5
dxc5 22. a4 Bd5 23. Bxd5 Qxd5 24. Ba3 Rfc8 25. Qf3 Qxf3 26. Rxf3 c4 27. Bd6 Rb6
28. Be5 Rb2 29. Bxf6 gxf6 30. dxc4 Rxc2 31. Rb1 R8xc4 32. Rb7+ Rc7 33. Rb6 R2c6
34. Rfb3 Kg7 35. a5 Rc3 36. Rb7 Kf7 37. Rxc7+ Rxc7 38. Kf2 Rc2+ 39. Kf3 Ra2 40.
Rb7+ Kg6 41. Rd7 Rxa5 42. Rxd4 Ra3+ 43. Kf2 a5 44. Rd8 a4 45. Rg8+ Kf7 46. Ra8
Ra2+ 47. Kf3 a3 48. Ra7+ Ke6 49. Ra6+ Kd5 50. Rxf6 Rd2 51. Rxf5+ Kc4 52. Ra5 a2
53. Ra4+ Kb3 54. Ra6 Rd1 55. Rxa2 Kxa2 56. h3 Kb3 57. Kg4 Kc4 58. Kh5 Rd6 59.
g4 Kd5 60. h4 Ke4 61. g5 Kf5 62. gxh6 Kf6 63. f5 Rd7 64. Kg4 Re7 65. h5 Rh7 0-1

[Event "I Miedzynarodowy Memorial Ireny Warakoms"]
[Site "Suwalki"]
[Date "2017.08.11"]
[Round "7.1"]
[White "Plichta, Krzysztof"]
[Black "Backiel, Hubert"]
[Result "1-0"]
[WhiteElo "1519"]
[BlackElo "1341"]
[PlyCount "57"]
[EventDate "2017.??.??"]

1. e4 e5 2. Nc3 Nf6 3. Bc4 Bc5 4. d3 O-O 5. f4 d6 6. Nf3 Ng4 7. Ng5 h6 8. f5
Nf6 9. h4 Nc6 10. Bxf7+ Rxf7 11. Nxf7 Kxf7 12. g4 Qh8 13. h5 d5 14. Qf3 d4 15.
Ne2 Na5 16. c3 dxc3 17. bxc3 Qe8 18. g5 hxg5 19. Bxg5 Nh7 20. Qg3 Be7 21. Bh6
Bf6 22. Qg6+ Kf8 23. Qxh7 gxh6 24. Qxh6+ Bg7 25. Qg6 Qxg6 26. hxg6 Nc6 27. Kd2
Ke7 28. Ng3 Bd7 29. Rh7 1-0

[Event "I Miedzynarodowy Memorial Ireny Warakoms"]
[Site "Suwalki"]
[Date "2017.08.11"]
[Round "7.2"]
[White "Zielinski, Konrad"]
[Black "Paszkowski, Krystian"]
[Result "1/2-1/2"]
[WhiteElo "1573"]
[BlackElo "1430"]
[PlyCount "50"]
[EventDate "2017.??.??"]

1. Nf3 d5 2. b3 c5 3. Bb2 Nc6 4. e3 Nf6 5. d4 Bg4 6. Be2 e6 7. O-O cxd4 8. Nxd4
Bxe2 9. Qxe2 a6 10. Nxc6 bxc6 11. c4 Be7 12. Nd2 O-O 13. Rac1 Qb6 14. cxd5 cxd5
15. Rc2 Rac8 16. Rfc1 Qb7 17. Nf3 Nd7 18. Ne5 Nxe5 19. Bxe5 Ba3 20. Rxc8 Rxc8
21. Rxc8+ Qxc8 22. Bb2 Bxb2 23. Qxb2 Qc6 24. g3 g6 25. b4 Qa4 1/2-1/2

[Event "I Miedzynarodowy Memorial Ireny Warakoms"]
[Site "Suwalki"]
[Date "2017.08.11"]
[Round "7.3"]
[White "Mecelica, Erikas"]
[Black "Olszewski, Pawel"]
[Result "1-0"]
[WhiteElo "1260"]
[BlackElo "1349"]
[PlyCount "119"]
[EventDate "2017.??.??"]

1. e4 c5 2. Nf3 d6 3. d4 cxd4 4. Nxd4 Nf6 5. Nc3 a6 6. Be2 Nc6 7. Be3 g6 8. f4
Bg7 9. O-O O-O 10. Qd2 Qc7 11. f5 Ne5 12. h3 Bd7 13. a3 Rfc8 14. Bh6 Nc4 15.
Bxc4 Qxc4 16. Bxg7 Kxg7 17. Qd3 b5 18. Rae1 a5 19. fxg6 hxg6 20. e5 dxe5 21.
Rxe5 b4 22. axb4 axb4 23. Nb1 Qxd3 24. cxd3 e6 25. Nd2 Rd8 26. Ne4 Nxe4 27.
Rxe4 Be8 28. Rd1 Rd6 29. Rd2 Rad8 30. Nf3 b3 31. d4 Bc6 32. Re3 Bd5 33. Rc3 f6
34. Kf2 R8d7 35. Ne1 e5 36. g4 Be6 37. d5 Rxd5 38. Rxd5 Bxd5 39. Rd3 Be6 40.
Rxd7+ Bxd7 41. Nd3 Be6 42. Ke3 Kh6 43. Kf3 Bd5+ 44. Kg3 Kg7 45. g5 e4 46. Nb4
Be6 47. h4 f5 48. Kf4 Bc4 49. Nc6 Bf7 50. Nd4 Bc4 51. h5 Bf7 52. hxg6 Bxg6 53.
Nxb3 Kf7 54. Nd4 Ke8 55. b4 Kd7 56. Ke5 Kc7 57. b5 Kb6 58. Kf6 Be8 59. Kxf5
Bxb5 60. Nxb5 1-0

[Event "I Miedzynarodowy Memorial Ireny Warakoms"]
[Site "Suwalki"]
[Date "2017.08.11"]
[Round "7.4"]
[White "Verre, Gaetano"]
[Black "Wielgus, Wojciech"]
[Result "0-1"]
[WhiteElo "1525"]
[BlackElo "1324"]
[PlyCount "46"]
[EventDate "2017.??.??"]

1. e4 e5 2. Nf3 Nc6 3. Bc4 Nf6 4. Nc3 Nxe4 5. Nxe4 d5 6. Bb5 dxe4 7. Nxe5 Qd5
8. Bxc6+ bxc6 9. Ng4 Ba6 10. Ne3 Qe6 11. Qg4 Qxg4 12. Nxg4 Bd6 13. b3 f5 14.
Ne3 f4 15. Nc4 Bxc4 16. bxc4 Rb8 17. d3 Be5 18. Bb2 Rxb2 19. Kd2 e3+ 20. fxe3
fxe3+ 21. Kxe3 Rxc2 22. Rhe1 O-O 23. Re2 Bd4+ 0-1

[Event "I Miedzynarodowy Memorial Ireny Warakoms"]
[Site "Suwalki"]
[Date "2017.08.11"]
[Round "7.5"]
[White "Jasinowicz, Waclaw"]
[Black "Dadello, Barbara"]
[Result "1/2-1/2"]
[WhiteElo "1526"]
[BlackElo "1384"]
[PlyCount "86"]
[EventDate "2017.??.??"]

1. e4 c5 2. Nf3 d6 3. e5 dxe5 4. Nxe5 Nf6 5. Qf3 Qd5 6. Qxd5 Nxd5 7. Bc4 e6 8.
Nc3 Nxc3 9. bxc3 Bd6 10. Bb5+ Nd7 11. Nc4 Be7 12. Rb1 Rb8 13. d4 a6 14. Bxd7+
Bxd7 15. Bf4 Rd8 16. dxc5 Bxc5 17. Rxb7 O-O 18. O-O Bb5 19. Bc7 Bxc4 20. Bxd8
Bxf1 21. Be7 Bxe7 22. Kxf1 Bf6 23. c4 h6 24. Ke2 Rd8 25. Rb6 a5 26. Ra6 Bc3 27.
c5 Kf8 28. c6 Ke8 29. a3 Rc8 30. Kd3 Be1 31. Ke2 Bc3 32. Kd3 Bf6 33. Kc4 Ke7
34. Kc5 Bc3 35. Ra7+ Ke8 36. Rb7 Be5 37. c4 Bc7 38. Rb1 Rb8 39. Rb5 Ke7 40. a4
Bd6+ 41. Kd4 Rxb5 42. cxb5 Kd8 43. b6 Kc8 1/2-1/2

[Event "I Miedzynarodowy Memorial Ireny Warakoms"]
[Site "Suwalki"]
[Date "2017.08.11"]
[Round "7.6"]
[White "Kutylo, Konrad"]
[Black "Budzisz, Adrian"]
[Result "1-0"]
[WhiteElo "1419"]
[BlackElo "1264"]
[PlyCount "107"]
[EventDate "2017.??.??"]

1. d4 d5 2. Nf3 Nf6 3. c4 e6 4. Nc3 Bb4 5. e3 O-O 6. Qc2 Nbd7 7. Bd3 c5 8. O-O
Qc7 9. b3 Nb6 10. Nb5 Qc6 11. Ne5 Qe8 12. Nc7 Qe7 13. Nxa8 Nxa8 14. a3 Ba5 15.
dxc5 Bc7 16. Bb2 Qxc5 17. b4 Qe7 18. Bd4 b6 19. f4 Bb7 20. c5 a6 21. Nf3 h6 22.
Qb2 Rc8 23. Rac1 bxc5 24. Bxc5 Bd6 25. Bxd6 Qxd6 26. Rxc8+ Bxc8 27. Rc1 Bb7 28.
h3 Nb6 29. Qc3 Ne8 30. Qc2 Nd7 31. Qc3 Qb6 32. Qd4 Nd6 33. Qxb6 Nxb6 34. Rc7
Nbc4 35. Bxc4 dxc4 36. Rd7 Bxf3 37. Rxd6 Bd5 38. Rd8+ Kh7 39. Kf2 Bc6 40. Rc8
Bb5 41. e4 f5 42. e5 g5 43. Ke3 Kg6 44. g4 Kf7 45. Rc7+ Kg6 46. Re7 fxg4 47.
hxg4 h5 48. Rxe6+ Kf7 49. Rf6+ Kg7 50. gxh5 gxf4+ 51. Rxf4 Kh6 52. e6 Kxh5 53.
e7 Kg6 54. Rf8 1-0

[Event "I Miedzynarodowy Memorial Ireny Warakoms"]
[Site "Suwalki"]
[Date "2017.08.11"]
[Round "7.8"]
[White "Sadlak, Rafal"]
[Black "Nowak, Adam"]
[Result "1-0"]
[WhiteElo "1545"]
[BlackElo "1374"]
[PlyCount "61"]
[EventDate "2017.??.??"]

1. e4 d6 2. d4 Nf6 3. Nc3 g6 4. f3 c6 5. Bc4 b5 6. Bb3 a5 7. a4 b4 8. Nce2 Ba6
9. Be3 Nbd7 10. Qd2 Nb6 11. O-O-O Bc4 12. Bh6 Bxh6 13. Qxh6 Bxb3 14. cxb3 Qc7
15. Kb1 O-O-O 16. Nh3 e6 17. Qg5 Nbd7 18. Rc1 Kb7 19. d5 exd5 20. Nd4 c5 21.
Nb5 Qb6 22. Qf4 Ne8 23. Qxf7 Ka6 24. Qxd5 Ndf6 25. Qc4 Kb7 26. Nf4 d5 27. exd5
Nd6 28. Qxc5 Nxb5 29. Qxb6+ Kxb6 30. Rc6+ Kb7 31. Rxf6 1-0

[Event "I Miedzynarodowy Memorial Ireny Warakoms"]
[Site "Suwalki"]
[Date "2017.08.11"]
[Round "7.10"]
[White "Podlewski, Michal"]
[Black "Ossolinska, Matylda"]
[Result "1/2-1/2"]
[WhiteElo "1309"]
[BlackElo "1485"]
[PlyCount "41"]
[EventDate "2017.??.??"]

1. d4 d5 2. Nf3 Nf6 3. e3 e6 4. Bd3 c5 5. c3 Nc6 6. Nbd2 Be7 7. Qe2 Bd7 8. O-O
O-O 9. Re1 cxd4 10. exd4 Qc7 11. Nf1 h6 12. Bd2 Rac8 13. Rad1 Rfe8 14. Bc1 Bf8
15. Bb1 g6 16. Ng3 Bg7 17. Qd3 e5 18. dxe5 Nxe5 19. Nxe5 Rxe5 20. Rxe5 Qxe5 21.
Be3 1/2-1/2

[Event "I Miedzynarodowy Memorial Ireny Warakoms"]
[Site "Suwalki"]
[Date "2017.08.11"]
[Round "8.1"]
[White "Wielgus, Wojciech"]
[Black "Zielinski, Konrad"]
[Result "1-0"]
[WhiteElo "1324"]
[BlackElo "1573"]
[PlyCount "75"]
[EventDate "2017.??.??"]

1. e4 b6 2. d4 Bb7 3. Bd3 e6 4. Nf3 Nf6 5. e5 Nd5 6. Be4 Be7 7. c4 Ne3 8. Qd3
Bb4+ 9. Ke2 Bxe4 10. Qxe4 Nxc4 11. Qxa8 c6 12. Qxa7 Ba5 13. b4 Bxb4 14. Qa4 Qe7
15. Bg5 f6 16. exf6 gxf6 17. Bxf6 Qxf6 18. Qxb4 b5 19. Nbd2 Na6 20. Qc3 Nxd2
21. Qxd2 O-O 22. Qg5+ Qxg5 23. Nxg5 Rf4 24. Nf3 Nb4 25. Kd2 Kg7 26. a4 bxa4 27.
Rxa4 Nd5 28. Rb1 c5 29. Ra7 cxd4 30. Rxd7+ Kf6 31. Rbb7 Re4 32. Rf7+ Kg6 33.
Rg7+ Kh6 34. Rxh7+ Kg6 35. Rbg7+ Kf6 36. Rf7+ Kg6 37. Kd3 Nc3 38. h4 1-0

[Event "I Miedzynarodowy Memorial Ireny Warakoms"]
[Site "Suwalki"]
[Date "2017.08.11"]
[Round "8.2"]
[White "Kutylo, Konrad"]
[Black "Plichta, Krzysztof"]
[Result "0-1"]
[WhiteElo "1419"]
[BlackElo "1519"]
[PlyCount "134"]
[EventDate "2017.??.??"]

1. e4 c6 2. Nc3 d5 3. Nf3 Bg4 4. h3 Bxf3 5. Qxf3 e6 6. g3 Nf6 7. Bg2 dxe4 8.
Nxe4 Nxe4 9. Qxe4 Qd5 10. O-O Qxe4 11. Bxe4 Nd7 12. d4 Nf6 13. Bg2 O-O-O 14. c3
Nd5 15. Bxd5 Rxd5 16. Bf4 Bd6 17. Be3 Bc7 18. Rfe1 Rhd8 19. Re2 R5d7 20. b4 a5
21. a3 a4 22. f4 b5 23. Bf2 Rd5 24. Kg2 Kd7 25. Rc1 Bb6 26. Rce1 Re8 27. g4 f6
28. Bg3 Bc7 29. Kf3 Re7 30. Re3 h6 31. R3e2 Re8 32. Re3 f5 33. Bh4 g5 34. Bg3
fxg4+ 35. hxg4 Rf8 36. Rxe6 Bxf4 37. Bxf4 Rxf4+ 38. Kg3 Rd6 39. Re7+ Kd8 40.
Re8+ Kc7 41. R8e7+ Rd7 42. Rxd7+ Kxd7 43. Rh1 Rf6 44. Rh2 Kd6 45. Rf2 Rxf2 46.
Kxf2 Kd5 47. Ke3 Kc4 48. Kd2 Kb3 49. Kd3 Kxa3 50. Kc2 Ka2 51. c4 h5 52. cxb5
cxb5 53. d5 h4 54. d6 h3 55. d7 h2 56. d8=Q h1=Q 57. Qxg5 Qb1+ 58. Kd2 Qxb4+
59. Kd1 Qc3 60. Qf5 a3 61. g5 b4 62. g6 b3 63. Qf7 Ka1 64. g7 b2 65. Ke2 b1=Q
66. Kf2 Qbb2+ 67. Kg1 Qxg7+ 0-1

[Event "I Miedzynarodowy Memorial Ireny Warakoms"]
[Site "Suwalki"]
[Date "2017.08.11"]
[Round "8.3"]
[White "Backiel, Hubert"]
[Black "Mecelica, Erikas"]
[Result "1/2-1/2"]
[WhiteElo "1341"]
[BlackElo "1260"]
[PlyCount "73"]
[EventDate "2017.??.??"]

1. c4 g6 2. Nc3 Nf6 3. g3 d5 4. cxd5 Nxd5 5. Bg2 e6 6. Qb3 c6 7. Nf3 Bg7 8. O-O
O-O 9. d4 Nd7 10. e3 a5 11. Bd2 N7b6 12. Rac1 a4 13. Qc2 Nc4 14. Nxa4 b5 15.
Nc5 Rxa2 16. Rb1 Bd7 17. Qb3 Ra8 18. Ra1 Qc7 19. Bb4 Rfc8 20. Nd2 Ndb6 21. Nxc4
Nxc4 22. Qc3 e5 23. Rxa8 Rxa8 24. b3 exd4 25. exd4 Nb6 26. Nxd7 Nxd7 27. Qxc6
Qxc6 28. Bxc6 Ra7 29. d5 Nf6 30. Rc1 h6 31. Kg2 Rc7 32. d6 Rc8 33. Rc5 Bf8 34.
d7 Nxd7 35. Bxd7 Rxc5 36. Bxc5 Bxc5 37. Bxb5 1/2-1/2

[Event "I Miedzynarodowy Memorial Ireny Warakoms"]
[Site "Suwalki"]
[Date "2017.08.11"]
[Round "8.4"]
[White "Paszkowski, Krystian"]
[Black "Hancharevich, Heorhi"]
[Result "1-0"]
[WhiteElo "1430"]
[BlackElo "1349"]
[PlyCount "96"]
[EventDate "2017.??.??"]

1. d4 g6 2. c4 Bg7 3. Nf3 Nf6 4. g3 O-O 5. Bg2 d6 6. O-O a6 7. Nc3 Nc6 8. d5
Na5 9. Qd3 c5 10. e4 Rb8 11. a4 Nb3 12. Ra3 Nxc1 13. Rxc1 Ng4 14. h3 Ne5 15.
Nxe5 Bxe5 16. f4 Bd4+ 17. Kh2 f5 18. Re1 e5 19. fxe5 Bxe5 20. Rf1 f4 21. gxf4
Rxf4 22. Rxf4 Bxf4+ 23. Kh1 Qh4 24. Ra1 Bd7 25. Rf1 Rf8 26. b3 Be5 27. Rxf8+
Kxf8 28. Qf3+ Kg7 29. Ne2 g5 30. Kg1 h5 31. Qf2 Qxf2+ 32. Kxf2 b5 33. cxb5 axb5
34. a5 Bc8 35. Ng3 Bxg3+ 36. Kxg3 Kf6 37. Bf1 Ba6 38. Kf3 Ke5 39. Ke3 c4 40.
bxc4 bxc4 41. Be2 g4 42. hxg4 hxg4 43. Bxg4 c3 44. Bd1 Bb5 45. Bc2 Ba6 46. Bd3
Bxd3 47. Kxd3 c2 48. Kxc2 Kxe4 1-0

[Event "I Miedzynarodowy Memorial Ireny Warakoms"]
[Site "Suwalki"]
[Date "2017.08.11"]
[Round "8.5"]
[White "Olszewski, Pawel"]
[Black "Sadlak, Rafal"]
[Result "0-1"]
[WhiteElo "1349"]
[BlackElo "1545"]
[PlyCount "42"]
[EventDate "2017.??.??"]

1. e4 e5 2. Nf3 Nc6 3. d4 exd4 4. Bc4 Bc5 5. c3 Nf6 6. e5 d5 7. Bb5 Ne4 8. Nxd4
O-O 9. Bxc6 bxc6 10. O-O Ba6 11. Re1 f6 12. f3 fxe5 13. fxe4 dxe4 14. Be3 exd4
15. Bxd4 Bxd4+ 16. Qxd4 Qh4 17. Nd2 Rad8 18. Qxe4 Qf2+ 19. Kh1 Rxd2 20. Qe6+
Kh8 21. Qxc6 Bf1 0-1

[Event "I Miedzynarodowy Memorial Ireny Warakoms"]
[Site "Suwalki"]
[Date "2017.08.11"]
[Round "8.6"]
[White "Jasinowicz, Waclaw"]
[Black "Norek, Maciej"]
[Result "1-0"]
[WhiteElo "1526"]
[BlackElo "1326"]
[PlyCount "93"]
[EventDate "2017.??.??"]

1. e4 c5 2. Nf3 e6 3. d4 cxd4 4. Nxd4 a6 5. Nc3 Qc7 6. Be3 Nf6 7. a3 Nc6 8. Nf3
Ng4 9. Qe2 Nxe3 10. Qxe3 b5 11. Bd3 Be7 12. O-O Bb7 13. Rfc1 O-O 14. Ne2 Ne5
15. Nxe5 Qxe5 16. b4 d5 17. f4 Qd6 18. e5 Qd7 19. Qh3 g6 20. Ng3 f5 21. Ne2 Bd8
22. Qe3 Rb8 23. h3 Ba8 24. Kh2 Qb7 25. Qg3 Kh8 26. Nd4 Re8 27. Nf3 Rc8 28. Rf1
Rc3 29. Qe1 Rc8 30. g4 Rf8 31. gxf5 exf5 32. Qe2 Be7 33. Rae1 Rce8 34. Qe3 Bd8
35. Re2 Bb6 36. Qd2 Bc7 37. Qc3 Rc8 38. Qb2 Rfe8 39. Ng5 h6 40. e6+ Kg8 41. Nf7
Kh7 42. Bxf5 gxf5 43. Qf6 Rxe6 44. Rxe6 Bxf4+ 45. Rxf4 Rxc2+ 46. Kg3 d4 47.
Qh8# 1-0

[Event "I Miedzynarodowy Memorial Ireny Warakoms"]
[Site "Suwalki"]
[Date "2017.08.11"]
[Round "8.7"]
[White "Dadello, Barbara"]
[Black "Kieca, Aleksandra"]
[Result "1/2-1/2"]
[WhiteElo "1384"]
[BlackElo "1320"]
[PlyCount "58"]
[EventDate "2017.??.??"]

1. e4 c5 2. Nf3 e6 3. d4 cxd4 4. Nxd4 a6 5. c4 Nf6 6. Nc3 Nc6 7. Be3 Bb4 8. f3
d5 9. cxd5 exd5 10. Nxc6 bxc6 11. exd5 Nxd5 12. Bd2 O-O 13. Nxd5 Bxd2+ 14. Qxd2
Qxd5 15. Qxd5 cxd5 16. Bd3 Re8+ 17. Kf2 Be6 18. Rac1 Rec8 19. Rhd1 Rab8 20. b3
a5 21. Ba6 Re8 22. Rc5 Ra8 23. Bb7 Ra7 24. Bxd5 Rd7 25. Bc6 Rxd1 26. Bxe8 Rd2+
27. Kg3 Rxa2 28. Ba4 h6 29. Rxa5 Bxb3 1/2-1/2

[Event "I Miedzynarodowy Memorial Ireny Warakoms"]
[Site "Suwalki"]
[Date "2017.08.11"]
[Round "8.8"]
[White "Rak, Jacek"]
[Black "Mykhaylyak, Wiktoria"]
[Result "1/2-1/2"]
[WhiteElo "1303"]
[BlackElo "1361"]
[PlyCount "61"]
[EventDate "2017.??.??"]

1. d4 Nf6 2. Bf4 e6 3. e3 Nc6 4. Bd3 Be7 5. Nf3 O-O 6. h3 d5 7. O-O Ne4 8. Nbd2
f5 9. Ne5 Nxe5 10. Bxe5 Bd7 11. Nxe4 fxe4 12. Be2 Bf6 13. Bg3 b6 14. c3 c5 15.
Qd2 Bh4 16. Bd6 Be7 17. Bxe7 Qxe7 18. f4 c4 19. b3 b5 20. bxc4 bxc4 21. Rfb1
Rfb8 22. Rb2 Qd6 23. Rab1 Rxb2 24. Qxb2 Bc6 25. Qb4 Qxb4 26. Rxb4 Kf7 27. Kf2
Rc8 28. g4 Rc7 29. Kg3 Be8 30. Bd1 a5 31. Rb6 1/2-1/2

[Event "I Miedzynarodowy Memorial Ireny Warakoms"]
[Site "Suwalki"]
[Date "2017.08.11"]
[Round "8.9"]
[White "Sumiya, Tongon"]
[Black "Verre, Gaetano"]
[Result "0-1"]
[WhiteElo "1413"]
[BlackElo "1525"]
[PlyCount "56"]
[EventDate "2017.??.??"]

1. e4 e5 2. Nf3 Nc6 3. Bb5 Bc5 4. O-O d6 5. Nc3 a6 6. Ba4 Nge7 7. h3 O-O 8. d3
f5 9. exf5 Bxf5 10. Bb3+ Kh8 11. Ng5 d5 12. Qh5 Bg6 13. Qe2 Qd6 14. Be3 h6 15.
Bxc5 Qxc5 16. Ne6 Qd6 17. Nxf8 Rxf8 18. Rae1 Bf5 19. g4 Bd7 20. Nd1 Nd4 21. Qe3
Nf3+ 22. Kg2 d4 23. Qc1 Bc6 24. Re4 Qf6 25. Rh1 Ng5 26. Rf1 Qf3+ 27. Kg1 Bxe4
28. dxe4 Nxh3+ 0-1

[Event "I Miedzynarodowy Memorial Ireny Warakoms"]
[Site "Suwalki"]
[Date "2017.08.11"]
[Round "8.10"]
[White "Ossolinska, Matylda"]
[Black "Czarniecki, Pawel"]
[Result "1-0"]
[WhiteElo "1485"]
[BlackElo "1290"]
[PlyCount "89"]
[EventDate "2017.??.??"]

1. e4 c5 2. Ne2 e6 3. c4 Qc7 4. Nbc3 a6 5. g3 Nf6 6. Bg2 Be7 7. O-O O-O 8. f4
d6 9. d3 Nc6 10. Bd2 Nd7 11. a3 b6 12. Qe1 Bb7 13. Qf2 Bf6 14. Kh1 Nd4 15. Nxd4
Bxd4 16. Be3 Bxe3 17. Qxe3 Nf6 18. h3 Rad8 19. e5 Ne8 20. Bxb7 Qxb7+ 21. Kh2 d5
22. Qe2 d4 23. Ne4 Qc7 24. b4 a5 25. Rfb1 axb4 26. axb4 f6 27. bxc5 bxc5 28.
Rb5 fxe5 29. Rxc5 Qe7 30. Rxe5 Nc7 31. Ng5 Rf6 32. Qe4 g6 33. Re1 Rd6 34. Qb7
Qd7 35. Rc5 Na6 36. Rc8+ Kg7 37. Qa8 Nc7 38. Rg8+ Kh6 39. Qb8 Na6 40. Qb2 Nc5
41. Qd2 Rb6 42. f5 Kh5 43. Ne4 Nxe4 44. Rxe4 Rxf5 45. Rh4# 1-0

[Event "I Miedzynarodowy Memorial Ireny Warakomskiej - Open C"]
[Site "Suwalki"]
[Date "2017.08.11"]
[Round "9.1"]
[White "Plichta, Krzysztof"]
[WhiteElo "1519"]
[Black "Paszkowski, Krystian"]
[BlackElo "1430"]
[PlyCount "74"]
[EventDate "2017.??.??"]

1. e4 c5 2. Nc3 Nc6 3. f4 g6 4. Nf3 Bg7 5. Bb5 d6 6. O-O Qb6 7. Nd5 Qd8 8. d3
e6 9. Nc3 Nge7 10. Qe1 O-O 11. Qh4 Qb6 12. Bxc6 Nxc6 13. f5 exf5 14. Nd5 Qd8
15. Bg5 f6 16. Bh6 Be6 17. Bxg7 Kxg7 18. Nf4 Qd7 19. Qg3 Ne5 20. Qh4 Rae8 21.
Nxe6+ Qxe6 22. exf5 Qxf5 23. Rae1 Nxf3+ 24. Rxf3 Rxe1+ 25. Qxe1 Qe5 26. Qc1 Re8
27. Kf2 Qe2+ 28. Kg3 Re5 29. h4 g5 30. h5 h6 31. Qf1 Qxf1 32. Rxf1 Re2 33. Rc1
f5 34. Kf3 Re6 35. c3 f4 36. d4 Re3+ 37. Kg4 Kf6 0-1